000 01747nam a22004577a 4500
001 13517661
003 OSt
005 20210420110948.0
008 040310s2004 nyua b 001 0 eng
010 _a 2004046044
020 _a0805073698
020 _a9780805073690
040 _aeng
_cDLC
_deng
_beng
041 _aeng
042 _apcc
050 0 0 _aQP82.2.S8
_bS266 2004
080 _a15
_bS-21
082 0 0 _a616/.001/9
_222
100 1 _aSapolsky, Robert M.
245 1 0 _aWhy zebras don't get ulcers / Robert M. Sapolsky.
_b: The Acclaimed Guide to Stress, Stress-Related Diseases and Coping
_c/ by: Henry Holt and Company LLC
250 _a3rd ed.
260 _aNew York :
_bHenry Holt and Company LLC
_cc2004.
300 _axv, 539 p. :
_bill. ;
_c23 cm.
365 _b19 usd
500 _a"An Owl Book."
500 _a"1st Owl Books ed."--T.p. verso.
504 _aIncludes bibliographical references (p. [418]-515) and index.
650 0 _aStress (Physiology)
650 0 _aPsychology
_9134
650 0 _aStress (Psychology)
650 0 _aStress management.
653 _aფსიქოლოგია
653 _aსტრესი
653 _aსტრესის მართვა
856 4 2 _3Contributor biographical information
_uhttp://www.loc.gov/catdir/bios/hol055/2004046044.html
856 4 2 _3Publisher description
_uhttp://www.loc.gov/catdir/description/hol053/2004046044.html
856 4 1 _3Sample text
_uhttp://www.loc.gov/catdir/samples/hol051/2004046044.html
906 _a7
_bcbc
_corignew
_d1
_eocip
_f20
_gy-gencatlg
942 _2udc
_cBK
_e3
999 _c589
_d589